LEADER 01109nam a2200277 4500 001 000000364818 003 CaOOAMICUS 005 20251030115507.0 008 251024s1997 it 000 u ita r 020 $a88-15-06067-7 040 $aSeMil$bita 100 1 $aOutram, Dorinda.$0(OLS)http://semarc/name/123014 240 14$aThe Enlightenment.$0(OLS)http://semarc/title/107911 245 12$aL'Illuminismo /$cDorinda Outram. 264 1$aBologna :$bIl Mulino,$c1997. 300 $a190 p. ;$c21 cm 490 1 $aUniversale paperbacks Il Mulino ;$v317 650 4$aIlluminismo - Storia.$0(OLS)http://semarc/subject/57646 830 0$aUniversale paperbacks Il Mulino ;$v317.$0(OLS)http://semarc/title/5937 850 $aSeMil 852 $aSeMil$W1$xVenegono$y1$m3U II 666$j264070$B255640$CSeMilBibl$Z2$F255640 $81 961 $aBuzzi mons. Franco - Omaggio 996 $6020$a88-15-06067-7$9(OLS)http://semarc/number/304407 996 $6245$aL'Illuminismo$9(OLS)http://semarc/title/240304 996 $6264$aBologna :$bIl Mulino$9(OLS)http://semarc/publisher/29842 LEADER 01330nam a2200253 i 4500 001 000000006130 003 CaOOAMICUS 005 20180830125438.0 008 180830s1835 it u000 u ita u 040 $aSeMil$bita 100 1 $aThierry, Augustin ,$d<1795-1856>.$0(OLS)http://semarc/name/89563 245 10$aHistoire de la conquête de l'Angleterre par les Normands :$bde ses causes et de ses suites jusqu'a nos jours, en Angleterre, en Écosse, en Irlande et sur le continent /$cpar Augustin Thierry. 250 $a4. éd. entièrement revue et augmentée. 260 $aBruxelles :$bLouis Hauman & C.,$c1835. 300 $a4 v. ;$c18 cm. 650 4$aInghilterra - Storia.$0(OLS)http://semarc/subject/960 650 4$aNormanni - Storia - Medioevo.$0(OLS)http://semarc/subject/44696 650 4$aInghilterra - Storia - Sec. 11. - Conquista normanna.$0(OLS)http://semarc/subject/44697 774 0 $tTome 1.$g1$w()88678 774 0 $tTome 4.$g4$w()253645 774 0 $tTome 2.$g2$w()253646 774 0 $tTome 3.$g3$w()253647 996 $6245$aHistoire de la conquête de l'Angleterre par les Normands :$bde ses causes et de ses suites jusqu'a nos jours, en Angleterre, en Écosse, en Irlande et sur le continent$9(OLS)http://semarc/title/400961 996 $6260$aBruxelles :$bLouis Hauman & C.$9(OLS)http://semarc/publisher/36922